000 00540nam a2200217Ia 4500
005 20241129120312.0
008 241129s9999||||xx |||||||||||||| ||und||
020 _a9789355185891
037 _aTB
040 _aSDCL
_beng
_cSDCL
041 _ahin
_2hin
084 _aV2'L R3
_qSDCL
100 _aHabib Irfan
245 0 _aItihas aur Vichardhara
260 _aNew Delhi
_bVani Prakashan India
_c2023
300 _a229p.
365 _aINR
_b695
650 _aHindi
942 _cTB
_hV2'L R3
999 _c1234234
_d1234234